আধুনিক শিক্ষা বিস্তারে বাংলার কয়েকজন মুসলিম দিশারী: (Record no. 30860)

MARC details
000 -LEADER
fixed length control field 01557nam a22002177a 4500
003 - CONTROL NUMBER IDENTIFIER
control field BDDh-ASL
005 - DATE AND TIME OF LATEST TRANSACTION
control field 20231015031211.0
008 - FIXED-LENGTH DATA ELEMENTS--GENERAL INFORMATION
fixed length control field 230306s2000 b ||||| |||| 00| 0 b d
040 ## - CATALOGING SOURCE
Transcribing agency BDDh-ASL
041 ## - LANGUAGE CODE
Language code of text/sound track or separate title bengali
082 ## - DEWEY DECIMAL CLASSIFICATION NUMBER
Classification number 378.1
Item number ABA
100 1# - MAIN ENTRY--PERSONAL NAME
Personal name আবদুল্লাহ, মুহাম্মদ
Titles and words associated with a name ডঃ
9 (RLIN) 6401
245 1# - TITLE STATEMENT
Title আধুনিক শিক্ষা বিস্তারে বাংলার কয়েকজন মুসলিম দিশারী:
Remainder of title (১৮৫৭-১৯৪৭) /
246 ## - VARYING FORM OF TITLE
Title proper/short title Adhunik Shikha Bistare Banglar Koyekjon Muslim dishari.
260 ## - PUBLICATION, DISTRIBUTION, ETC.
Place of publication, distribution, etc. ঢাকা:
Name of publisher, distributor, etc. কামিয়াব প্রকাশন,
Date of publication, distribution, etc. ২০০০।
300 ## - PHYSICAL DESCRIPTION
Extent ৩৩৬ পৃষ্ঠা:
Dimensions ২২ সে.মি.
504 ## - BIBLIOGRAPHY, ETC. NOTE
Bibliography, etc. note গ্রন্থপঞ্জি ও নির্ঘণ্ট সংযুক্ত ।
650 #0 - SUBJECT ADDED ENTRY--TOPICAL TERM
Topical term or geographic name entry element শিক্ষা, Education, Education system, শিক্ষা ব্যবস্থা, Śikṣā byabasthā, Higher Education, উচ্চ শিক্ষা, Ucca śikṣā, উন্নত শিক্ষা, Unnata śikṣā, Advanced education, প্রাথমিক শিক্ষা, Prāthamika śikṣā, Primary education, উচ্চ মাধ্যমিক শিক্ষা, Ucca mādhyamika śikṣā, Higher secondary education, মাধ্যমিক শিক্ষা, Mādhyamika śikṣā, Secondary Education
9 (RLIN) 5904
650 #0 - SUBJECT ADDED ENTRY--TOPICAL TERM
Topical term or geographic name entry element Education system (শিক্ষাব্যবস্থা), Śikṣābyabasthā
9 (RLIN) 6517
942 ## - ADDED ENTRY ELEMENTS (KOHA)
Source of classification or shelving scheme Dewey Decimal Classification
Koha item type Books
Holdings
Withdrawn status Lost status Source of classification or shelving scheme Damaged status Not for loan Collection code Home library Current library Shelving location Date acquired Source of acquisition Total Checkouts Full call number Barcode Date last seen Copy number Price effective from Koha item type
    Dewey Decimal Classification     Non-fiction Asiatic Society Library Asiatic Society Library Wakil Ahmed Collection 03/06/2023 Donated by Prof. Wakil Ahmed   378.1 ABA 119403 03/06/2023 C-1 03/06/2023 Books

Powered by Koha